MARC

LEADER 00000nas a2200000 a 4500
001 ssj0009114
003 WaSeSS
005 20200512172242.0
006 m d
007 cr n
008 950602c19939999inufr ss 0 a0eng c
010 |a  2002215650 
016 7 |a 2024963 -9  |2 DE-600 
016 7 |a 2024963 9  |2 DE-600 
022 |a 1543-0367  |l 1080-0727  |y 1080-0727 
035 |a (WaSeSS)ssj0009114 
037 |b IUP, 601 N. Morton St., Bloomington, IN 47424 
040 |a IUB  |b eng  |c IUB  |d OCL  |d OCLCQ  |d NSD  |d N@F  |d WAU  |d MUQ  |d OCLCQ  |d OCL  |d EYM  |d OCLCQ  |d EYM  |d MYG  |d OCLCQ  |d OCLCF  |d OCLCQ  |d OCLCO  |d OCLCQ  |d UEJ  |d OCLCQ  |d OCLCA  |d GILDS  |d OCLCO  |d MST  |d OCLCQ  |d AU@  |d OCLCQ  |d OCLCO  |d VT2  |d SFB  |d WaSeSS 
042 |a nsdp  |a pcc 
050 1 4 |a K9 
082 1 0 |a 340  |2 13 
130 0 |a Indiana journal of global legal studies (Online) 
210 0 |a Indiana j. glob. leg. stud. 
222 0 |a Indiana journal of global legal studies 
245 1 0 |a Indiana journal of global legal studies  |h [electronic resource]. 
246 3 0 |a Journal of global legal studies 
246 1 3 |a IJGLS 
260 |a Bloomington :  |b Indiana University, School of Law,  |c 1993- 
310 |a Semiannual 
362 0 |a Vol. 1, issue 1 (fall 1993)- 
506 |a License restrictions may limit access. 
588 |a Description based on: Vol. 1, issue 1 (fall 1993); title from caption title PDF (JSTOR, viewed July 14, 2010). 
588 |a Latest issue consulted: Vol. 17, issue 1 (winter 2010) (Project Muse, viewed July 14, 2010). 
650 0 |a Law  |v Periodicals. 
650 0 |a Law and economic development  |v Periodicals. 
650 0 |a Comparative law  |v Periodicals. 
650 0 |a International law  |v Periodicals. 
650 6 |a Droit et développement  |v Périodiques. 
650 6 |a Droit comparé  |v Périodiques. 
650 6 |a Droit international  |v Périodiques. 
650 7 |a Comparative law.  |2 fast  |0 (OCoLC)fst00871350 
650 7 |a International law.  |2 fast  |0 (OCoLC)fst00976984 
650 7 |a Law.  |2 fast  |0 (OCoLC)fst00993678 
650 7 |a Law and economic development.  |2 fast  |0 (OCoLC)fst00993898 
655 0 |a Electronic journals. 
710 2 |a Indiana University, Bloomington.  |b School of Law. 
776 0 8 |i Print version:  |t Indiana journal of global legal studies  |x 1080-0727  |w (DLC) 95648488  |w (OCoLC)29609334 
856 4 0 |z Full text available from Research Library: 01/01/2003 to present  |u https://search.proquest.com/publication/46895